000 00613nam a2200181Ia 4500
008 100920s9999 xx 000 0 und d
082 _b105083
_a891.43 न 09
100 _aयादव राजेंद्र.
245 _aसंकलीत कहानियां.
260 _bनॅशनल बुकट्रस्ट ,दिल्ली.
_c2009
300 _a241
_bसाधी
365 _b75
520 _aहिंदी.
630 _aसंकलीत कहानियां.
650 _aहिंदी.
730 _aसंकलीत कहानियां.
942 _cBOOK
999 _c745514
_d745511